000 00598nam a2200205Ii 4500
001 14466
003 CO-ViMGA
008 241108s9999||||xx |||||||||||||| ||und||
020 _a9583330833
040 _aCO-ViMGA
_bspa
_erda
_cCO-ViMGA
041 0 _aspa
082 0 4 _a153 C65a
245 1 0 _aLa conciencia:
_braices biológicas y organización psicológica
264 1 _aBogotá, Colombia : Feriva, 2001
300 _avolumen
336 _atext
_btxt
_2rdacontent
337 _aunmediated
_bn
_2rdamedia
338 _avolume
_bnc
_2rdacarrier
940 _aidficha_siabuc: 14159. -- ficha_no_siabuc:14466
999 _c48438
_d48438